ბათუმის შოთა რუსთაველის სახელმწიფო უნივერსიტეტის ბიბლიოთეკა

სიბრძნე ბალავარისა (ბიბ.ჩანაწერი № 43439)

000 -LEADER
fixed length control field 00872nam a2200217Ia 4500
001 - CONTROL NUMBER
control field 10169
003 - CONTROL NUMBER IDENTIFIER
control field GE_BSU
008 - FIXED-LENGTH DATA ELEMENTS--GENERAL INFORMATION
fixed length control field 181216s||||||||xx |||||||||||||| ||und||
040 ## - CATALOGING SOURCE
Transcribing agency GE_BSU
080 ## - UNIVERSAL DECIMAL CLASSIFICATION NUMBER
Universal Decimal Classification number 821.353.1–312.2+821.353.1-97
245 ## - TITLE STATEMENT
Title სიბრძნე ბალავარისა
245 ## - TITLE STATEMENT
Remainder of title ძვ.ქართ.ლიტ.ისტორია და კრიტიკა
245 ## - TITLE STATEMENT
Statement of responsibility, etc. რედ.,ვარიანტები და ლექსიკონი ილია აბულაძისა.რედ.გ.ქიქოძე
260 ## - PUBLICATION, DISTRIBUTION, ETC.
Place of publication, distribution, etc. ტფილისი
260 ## - PUBLICATION, DISTRIBUTION, ETC.
Name of publisher, distributor, etc. ფედერაცია
260 ## - PUBLICATION, DISTRIBUTION, ETC.
Date of publication, distribution, etc. 1937
300 ## - PHYSICAL DESCRIPTION
Extent 141გვ.18სმ.
653 ## - INDEX TERM--UNCONTROLLED
Uncontrolled term სიბრძნე ბალავარისა
653 ## - INDEX TERM--UNCONTROLLED
Uncontrolled term ძვ.ქართ.ლიტ.ისტორია და კრიტიკა
942 ## - ADDED ENTRY ELEMENTS (KOHA)
Koha item type წიგნი
ეგზემპლარები
Withdrawn status Lost status Damaged status Not for loan Date acquired Barcode Date last seen Price effective from Koha item type
        2018-12-17 33589 2018-12-17 2018-12-17 წიგნი
        2018-12-17 33590 2018-12-17 2018-12-17 წიგნი
        2018-12-17 33591 2018-12-17 2018-12-17 წიგნი
        2018-12-17 33592 2018-12-17 2018-12-17 წიგნი
        2018-12-17 33593 2018-12-17 2018-12-17 წიგნი
        2018-12-17 33594 2018-12-17 2018-12-17 წიგნი
        2018-12-17 33601 2018-12-17 2018-12-17 წიგნი